Statystyczna ocena wpływu zjawisk zachodzących na Słońcu na układ krążenia człowieka / (Rekord nr 50814)
| 000 -ETYKIETA REKORDU | |
|---|---|
| podpole kontrolne o stałej długości | 01011nam a2200265 i 4500 |
| 001 - NUMER KONTROLNY REKORDU | |
| pole kontrolne | bg |
| 020 ## - MIĘDZYNARODOWY ZNORMALIZOWANY NUMER KSIĄŻKI - ISBN | |
| ISBN | 8389174286 |
| 040 ## - ŹRÓDŁO KATALOGOWANIA | |
| Instytucja, która utworzyła rekord | BPK |
| 041 0# - KOD JĘZYKA | |
| Kod języka tekstu | pol |
| Kod języka streszczenia lub abstraktu | eng |
| 044 ## - KOD KRAJU WYDAWCY/PRODUCENTA | |
| Kod kraju wydawcy/producenta | POL |
| 080 ## - UNIWERSALNA KLASYFIKACJA DZIESIĘTNA - UKD | |
| UKD | 616.12-005.8-02(438)"1989/...":550.38:523.9 |
| 920 ## - Międzynarodowy znormalizowany numer książki – ISBN | |
| ISBN | 83-89174-28-6 |
| 008 - POLE O STAŁEJ DŁUGOŚCI - DANE KONTROLNE | |
| podpole kontrolne o stałej długości | 100824s2005 pl a |000 0 pol |
| 100 1# - NAZWA OSOBOWA | |
| Nazwa osobowa | Szarawarska, Ewa. |
| 245 10 - TYTUŁ/ODPOWIEDZIALNOŚĆ | |
| Tytuł | Statystyczna ocena wpływu zjawisk zachodzących na Słońcu na układ krążenia człowieka / |
| Pozostałe elementy strefy tytułu i oznaczenia odpowiedzialności | Ewa Szarawarska ; Polska Akademia Nauk. Instytut Gospodarki Surowcami Mineralnymi i Energią. Pracownia Geotechnologii. |
| 260 ## - STREFA ADRESU WYDAWNICZEGO | |
| Miejsce wydania | Kraków : |
| Nazwa wydawcy/dystrybutora | Wydawnictwo IGSMIE PAN, |
| Data publikacji, dystrybucji/powstania dokumentu | 2005. |
| 300 ## - STREFA OPISU FIZYCZNEGO | |
| Objętość | 46, [1] s., [4] s. tabl. kolor. : |
| Inne cechy fizyczne | il. kolor. ; |
| Rozmiary | 21 cm. |
| 504 ## - UWAGA DOTYCZĄCA BIBLIOGRAFII | |
| Informacje o bibliografii | Bibliogr. s. 31-32. |
| 546 ## - UWAGA O JĘZYKU | |
| Uwaga o języku | Streszcz. ang. |
| 650 #4 - HASŁO PRZEDMIOTOWE W FORMIE NAZWY OGÓLNEJ LUB JEDNOSTKOWEJ | |
| Nazwa ogólna lub geograficzna | Słońce |
| Określnik ogólny | wpływ na zdrowie |
| 650 #4 - HASŁO PRZEDMIOTOWE W FORMIE NAZWY OGÓLNEJ LUB JEDNOSTKOWEJ | |
| Nazwa ogólna lub geograficzna | Zawał serca |
| Określnik ogólny | geneza |
| -- | badanie |
| 650 #4 - HASŁO PRZEDMIOTOWE W FORMIE NAZWY OGÓLNEJ LUB JEDNOSTKOWEJ | |
| Nazwa ogólna lub geograficzna | Zawał serca |
| Określnik ogólny | epidemiologia |
| Określnik geograficzny | Polska |
| Określnik chronologiczny | od 1989 r. |
| 650 #4 - HASŁO PRZEDMIOTOWE W FORMIE NAZWY OGÓLNEJ LUB JEDNOSTKOWEJ | |
| Nazwa ogólna lub geograficzna | Rabka (woj. małopolskie) |
| Określnik ogólny | zdrowotność |
| Określnik chronologiczny | od 1989 r. |
| 856 ## - LOKALIZACJA I DOSTĘP DO ELEKTRONICZNYCH DOKUMENTÓW ZDALNYCH | |
| Link (URL) | http://koha.tu.koszalin.pl/cgi-bin/koha/opac-detail.pl?biblionumber=50814 |
| Tekst linku | Katalog online BPK |
| 942 ## - DODATKOWE ELEMENTY (KOHA) | |
| Typ dokumentu | Książka |
| Wycofany | Status egzemplarza | Uszkodzony | Dostępność | Lokalizacja stała | Lokalizacja bieżąca | Miejsce przechowywania | Sygnatura | Kod kreskowy | Typ dokumentu |
|---|---|---|---|---|---|---|---|---|---|
| Dostępny | Biblioteka Politechniki Koszalińskiej | Biblioteka Politechniki Koszalińskiej | Wypożyczalnia BG | S 970 | 02385549 | Książka |
